| 000 | 00479nam a22001697a 4500 | ||
|---|---|---|---|
| 003 | CEME | ||
| 005 | 20210628203216.0 | ||
| 008 | 210119b xxu||||| |||| 00| 0 eng d | ||
| 040 | _cceme | ||
| 082 | _a923.1 RIA | ||
| 100 |
_aPirzada , Mian Riaz Ahmed _963986 |
||
| 245 | _aBrief history of sher shah suri, fort rohtas and (rohtas) | ||
| 260 |
_aLAHORE _bPERGMANN _c2005 |
||
| 300 | _a161 P | ||
| 650 |
_aBRIEF HISTORY OF SHER SHAH SURI, FORT ROHTAS _963987 |
||
| 942 |
_cBK _2ddc |
||
| 999 |
_c572649 _d572649 |
||